Tennis - Classement ATP 2026 - Top 50 - Statistiques

Statistiques générales
  • Ce quiz a été pris 74 fois
    3 depuis la dernière actualisation
  • Le résultat moyen est 16 sur 50
Statistiques - réponses
Classement Nationalité Joueur % Correct
1 Italie Jannik Sinner
100%
23 Espagne Alejandro Davidovich Fokina
33%
35 Chili Alejandro Tabilo
33%
11 Kazakhstan Alexander Bublik
33%
3 Allemagne Alexander Zverev
33%
8 Australie Alex De Minaur
33%
42 États-Unis Alex Michelsen
33%
14 Russie Andrey Rublev
33%
17 France Arthur Fils
33%
24 France Arthur Rinderknech
33%
6 États-Unis Ben Shelton
33%
19 Royaume-Uni Cameron Norrie
33%
2 Espagne Carlos Alcaraz
33%
25 Norvège Casper Ruud
33%
30 France Corentin Moutet
33%
9 Russie Daniil Medvedev
33%
37 Canada Denis Shapovalov
33%
49 Hongrie Fábián Marozsán
33%
5 Canada Félix Auger-Aliassime
33%
12 Italie Flavio Cobolli
33%
22 États-Unis Frances Tiafoe
33%
27 Argentine Francisco Cerundolo
33%
46 Canada Gabriel Diallo
33%
40 Danemark Holger Rune
33%
50 Royaume-Uni Jack Draper
33%
28 République tchèque Jakub Mensik
33%
38 Espagne Jaume Munar
33%
13 République tchèque Jiri Lehecka
33%
29 Brésil João Fonseca
33%
15 Russie Karen Khachanov
33%
21 États-Unis Learner Tien
33%
10 Italie Lorenzo Musetti
33%
20 Italie Luciano Darderi
33%
44 Argentine Mariano Navone
33%
47 Croatie Marin Cilic
33%
4 Serbie Novak Djokovic
33%
34 Espagne Rafael Jodar
33%
43 États-Unis Sebastian Korda
33%
31 Pays-Bas Tallon Griekspoor
33%
7 États-Unis Taylor Fritz
33%
41 République tchèque Tomas Machac
33%
26 Argentine Tomas Martin Etcheverry
33%
18 États-Unis Tommy Paul
33%
16 Monaco Valentin Vacherot
33%
39 Belgique Zizou Bergs
33%
45 France Adrian Mannarino
0%
36 Belgique Alexander Blockx
0%
32 États-Unis Brandon Nakashima
0%
48 États-Unis Ethan Quinn
0%
33 France Ugo Humbert
0%
Aucun quiz correspondant
Distribution des résultats
% des personnes avec chaque résultat
Percentile par nombre de réponses
Votre historique - résultats
Vous n’avez pas pris ce quiz depuis la dernière actualisation